| 000 | 00601cam a2200217 a 4500 | ||
|---|---|---|---|
| 001 | 4680905 | ||
| 005 | 20180103040317.0 | ||
| 008 | 820223s1982 nyua b 001 0 eng | ||
| 010 | _a 81068402 | ||
| 020 |
_a0465067875 : _c$18.95 |
||
| 040 |
_aDLC _cDLC _dDLC |
||
| 041 | _aeng | ||
| 080 | _a658.4 | ||
| 082 | 0 | 0 |
_a658.4 BEH _219 |
| 100 | 1 | _a54 | |
| 101 | _aLID | ||
| 245 | 1 | 0 |
_aQuick analysis for busy decision makers / _cRobert D. Behn & James W. Vaupel. |
| 504 | _aIncludes bibliographical references and index. | ||
| 906 |
_a7 _bcbc _corignew _d1 _eopcn _f19 _gy-gencatlg |
||
| 942 |
_2ddc _cBK |
||
| 999 |
_c39600 _d39600 |
||